Music Quiz

Random Music Quiz

Remembering Sunday Lyrics Quiz Stats

 Plays Quiz not verified by Sporcle

Support Sporcle.
Go Orange.
Score 0/50 Timer 08:00
0 Plays Today
Lyric Finish % Correct
He woke up from dreamingand put on his shoes
97.8%
RememberingSunday
96.8%
He hasn't beensober for days
93.8%
Leaning nowinto the breeze
91.6%
he falls to his kneesthey had breakfast together
90.9%
but two eggsdon't last
89.5%
started making his waypast two in the morning
89.2%
like the feelingof what he needs
88.9%
she pulled on his handwith a devilish grin
88.8%
I'm gonna ask herto marry me
88.6%
she led him upstairsshe led him upstairs
88%
and it's driving me crazyit seems
87.3%
And even though she doesn'tbelieve in love
87.1%
I'm trying to findmy calling
86.8%
who could denythese butterflies
86.4%
He's determined to call her bluff
86%
I'm calling at nightI don't mean to be a bother
85.8%
left him dying to get inForgive me
84.7%
but have you seen this girl?She's been running through my dreams
84.6%
Now this placeseems familiar to him
83.4%
they'refilling his gut
80.9%
Funny how it rainedall day
78.6%
I'm gonna ask herto marry me
77.9%
I'm trying to findmy calling
77.3%
and it's driving me crazyit seems
76.9%
Lyric Finish % Correct
I'm calling at nightI don't mean to be a bother
76.2%
but have you seen this girl?She's been running through my dreams
75%
The neighborssaid she moved away
74.7%
to get insideForgive me
74.4%
but it's startingto all make sense
72.9%
waking the neighborsunfamiliar face
71.9%
it didn't thinkmuch of it then
69.6%
but he's only deniednow he's dying
65%
I'm not coming backI've done something so terrible
55.9%
of my hair
52.9%
Now the rain is justwashing you out
52.8%
to find my whoeverwherever she may be
50.5%
I guess I'll gohome now
49.8%
I guess I'll go home now
48.8%
I guess I'll gohome
48.6%
Well I guess I'llgo home now
46.8%
he pleads though he tries
45.4%
From so many thousands
43.3%
of feet off the groundI'm over you now
43.1%
I'm terrified to speakbut you'd expect that from me
40.6%
I'm mixed upI'll be blunt
40.2%
I'm at home in the cloudsTowering over your head
38%
are following me in my desperateendevour
22.5%
oh, I can see nowhow all of these clouds
17.1%
And out of my mindI'm keeping an eye on the world
8.5%

You're not logged in!

Compare scores with friends on all Sporcle quizzes.
OR
Log In

From the Vault

Unpopular Knowledge

by PenguinsMeercats

Some things just don't get the recognition they deserve.
Remove Ads.
Support Sporcle.
Get the best of Sporcle when you Go Orange. This ad-free experience offers more features, more stats, and more fun while also helping to support Sporcle. Thank you for becoming a member.

Show Comments

Extras

Created Mar 5, 2011ReportNominate
Tags:Sunday

Top Quizzes Today


Score Distribution

Your Account Isn't Verified!

In order to create a playlist on Sporcle, you need to verify the email address you used during registration. Go to your Sporcle Settings to finish the process.

Report this User

Report this user for behavior that violates our Community Guidelines.

Details: